| 000 | 00488nam a22001817a 4500 | ||
|---|---|---|---|
| 003 | BDDh-ASL | ||
| 005 | 20231015031055.0 | ||
| 008 | 221222s1919 ii ||||| |||| 00| 0 ara d | ||
| 040 |
_aBDDh-ASL _cBDDh-ASL |
||
| 041 | _aara | ||
| 082 |
_a297 _bEFK |
||
| 100 | 1 |
_aEffendi, Sultan _96845 |
|
| 245 | 1 | 0 | _aKhulāṣatul uṣūl : / خلاصة الاصول |
| 260 |
_aJaunpur : _bJadu Press , _c1919. |
||
| 300 |
_a128 p. : _c16 cm. |
||
| 650 | 0 |
_aUsul-e Fiqh _96827 |
|
| 942 |
_2ddc _cBK |
||
| 999 |
_c29820 _d29820 |
||